Organizovanie práce a času riaditeľa školy
Efektívne hospodárenie s časom, teda časový manažment. Uplatňovanie techník Time-manažmentu v práci riaditeľa školy. Zvýšenie osobnej efektivity práce. Prvky optimálneho sebamanažovania.
Uložené v:
| Hlavný autor: | |
|---|---|
| Médium: | Kapitola |
| Jazyk: | Slovak |
| Predmet: | |
| Tagy: |
Žiadne tagy, Buďte prvý, kto otaguje tento záznam!
|
MARC
| LEADER | 00000naa$a2200000$$$4500 | ||
|---|---|---|---|
| 001 | 0073364 | ||
| 005 | 20231127101139.9 | ||
| 041 | 0 | |a slo | |
| 044 | |a SK | ||
| 245 | 1 | 0 | |a Organizovanie práce a času riaditeľa školy |c Mária Pisoňová |
| 520 | |a Efektívne hospodárenie s časom, teda časový manažment. Uplatňovanie techník Time-manažmentu v práci riaditeľa školy. Zvýšenie osobnej efektivity práce. Prvky optimálneho sebamanažovania. | ||
| 610 | 2 | 0 | |a riaditelia |
| 610 | 2 | 0 | |a školy |
| 610 | 2 | 0 | |a manažment času |
| 610 | 2 | 0 | |a efektívnosť |
| 610 | 2 | 0 | |a sebariadenie |
| 100 | 1 | |a Pisoňová, Mária | |